[Event "Wroclaw Anderssen Memorial"]
[Site "Wroclaw"]
[Date "2021.07.31"]
[Round "8"]
[White "Klykow, Lukasz"]
[Black "Vanduyfhuys, Daria"]
[Result "1-0"]
[WhiteElo "2201"]
[BlackElo "2044"]
[PlyCount "75"]
[EventDate "2021.07.31"]
[EventType "swiss (rapid)"]
[EventRounds "9"]
[EventCountry "POL"]
[SourceTitle "CBM 203 Extra"]
[Source "ChessBase"]
[SourceDate "2021.09.30"]
[SourceVersion "1"]
[SourceVersionDate "2021.09.30"]
[SourceQuality "1"]

1. e4 c5 2. Nf3 Nc6 3. d4 cxd4 4. Nxd4 e5 5. Nb5 d6 6. N1c3 a6 7. Na3 b5 8. Nd5 Nf6 9. Bg5 Be7 10. Bxf6 Bxf6 11. c4 b4 12. Nc2 0-0 13. Qf3 Bg5 14. h4 Bh6 15. g4 Bf4 16. Be2 Rb8 17. b3 a5 18. Nxf4 exf4 19. Qxf4 Re8 20. 0-0-0 Ne5 21. c5 a4 22. Rxd6 Qa5 23. Rd5 Nc6 24. Bc4 Be6 25. Rhd1 axb3 26. Bxb3 Bxd5 27. Rxd5 Qa7 28. Rf5 Rb7 29. Qd6 Nd8 30. Re5 Rf8 31. Rd5 Qb8 32. f4 Qc8 33. f5 Nc6 34. Qf4 Na5 35. f6 Nxb3+ 36. axb3 Rd8 37. Qg5 g6 38. Qh6 1-0

[Event "EU-ch Online U2300 Qual"]
[Site "Chess.com INT"]
[Date "2020.05.25"]
[Round "5"]
[White "Potapenko, Denis Petrovich"]
[Black "Klykow, Lukasz"]
[Result "0-1"]
[WhiteElo "2150"]
[BlackElo "2197"]
[PlyCount "90"]
[EventDate "2020.05.25"]
[EventType "swiss"]
[EventRounds "8"]
[EventCountry "NET"]
[SourceTitle "EXT 2021"]
[Source "ChessBase"]
[SourceDate "2020.10.23"]
[SourceVersion "1"]
[SourceVersionDate "2020.10.23"]
[SourceQuality "1"]

1. d4 d5 2. Nc3 Nf6 3. Bg5 Nbd7 4. Nf3 h6 5. Bh4 e6 6. e4 g5 7. Bg3 Nxe4 8. Nxe4 dxe4 9. Ne5 Bg7 10. Qh5 Nxe5 11. dxe5 Qe7 12. 0-0-0 Bd7 13. Qg4 0-0-0 14. Qxe4 Bc6 15. Rxd8+ Rxd8 16. Qh7 f5 17. exf6 Qxf6 18. c3 Bf3 19. Bc4 Bxg2 20. Re1 Bh3 21. Qe4 e5 22. Qc2 Bf5 23. Qa4 Qd6 24. Rd1 Qxd1+ 25. Qxd1 Rxd1+ 26. Kxd1 Kd7 27. Ke2 Be6 28. Bb5+ c6 29. Ba4 Bxa2 30. Bc2 Bd5 31. b3 a5 32. c4 Bf7 33. f3 b5 34. Kd3 bxc4+ 35. bxc4 Kd6 36. Ba4 Kc5 37. Bf2+ Kb4 38. Bxc6 Bxc4+ 39. Ke4 a4 40. Be1+ Kb3 41. Ke3 a3 42. Be4 a2 43. Kd2 a1Q 44. Bc2+ Kb2 45. Bf2 Qc1# 0-1

[Event "POL-chT3 Dolnoslaskie 1617"]
[Site "Poland"]
[Date "2016.11.06"]
[Round "2.11"]
[White "Borkowski, Franciszek"]
[Black "Klykow, Lukasz"]
[Result "1-0"]
[WhiteElo "2289"]
[BlackElo "2204"]
[PlyCount "77"]
[EventDate "2016.10.16"]
[EventType "team-tourn"]
[EventRounds "11"]
[EventCountry "POL"]
[SourceTitle "EXT 2018"]
[Source "ChessBase"]
[SourceDate "2017.10.13"]
[SourceVersion "1"]
[SourceVersionDate "2017.10.13"]
[SourceQuality "1"]

1. e4 c5 2. Nf3 Nc6 3. d4 cxd4 4. Nxd4 Nf6 5. Nc3 e5 6. Ndb5 d6 7. Bg5 a6 8. Na3 b5 9. Nd5 Be7 10. Bxf6 Bxf6 11. c3 Bg5 12. Nc2 Ne7 13. Nxe7 Qxe7 14. Nb4 0-0 15. Nd5 Qb7 16. h4 Bh6 17. g4 Bf4 18. Qf3 Be6 19. Bd3 Rae8 20. Nxf4 exf4 21. Qxf4 f5 22. gxf5 Rxf5 23. Qxd6 Rf3 24. 0-0-0 Bxa2 25. Rd2 Ref8 26. Qd4 Qc7 27. Rg1 b4 28. Qxb4 Rxf2 29. b3 Qf4 30. Rgd1 Kh8 31. Bc2 Rd8 32. c4 Qe3 33. Qc3 Qf4 34. e5 Kg8 35. e6 Rb8 36. Kb2 Rxd2 37. Qxd2 Qxc4 38. Qd8+ Rxd8 39. Rxd8# 1-0

[Event "POL-chT3 Dolnoslaskie 1516"]
[Site "Poland"]
[Date "2016.01.24"]
[Round "6.11"]
[White "Janocha, Wieslaw Adam"]
[Black "Klykow, Lukasz"]
[Result "0-1"]
[WhiteElo "2266"]
[BlackElo "2175"]
[PlyCount "68"]
[EventDate "2015.10.18"]
[EventType "team-tourn"]
[EventRounds "11"]
[EventCountry "POL"]
[SourceTitle "EXT 2018"]
[Source "ChessBase"]
[SourceDate "2017.10.13"]
[SourceVersion "1"]
[SourceVersionDate "2017.10.13"]
[SourceQuality "1"]

1. d4 d5 2. c4 e6 3. Nc3 Nf6 4. Nf3 Bb4 5. Bg5 h6 6. Bh4 g5 7. Bg3 Ne4 8. Qc2 h5 9. e3 h4 10. Be5 f6 11. Nxg5 fxe5 12. Ngxe4 dxe4 13. Qxe4 Qf6 14. dxe5 Qf5 15. Bd3 Qxe4 16. Bxe4 Nd7 17. f4 Nc5 18. Bg6+ Ke7 19. Kf2 Bxc3 20. bxc3 b6 21. g4 Rg8 22. Bc2 Bb7 23. Rhg1 Rad8 24. Ke2 Ne4 25. Bxe4 Bxe4 26. g5 Bg6 27. h3 Bh5+ 28. Rg4 Rd7 29. Kf3 Rgd8 30. Rag1 Rd2 31. g6 Rh2 32. Ke4 Rxh3 33. g7 Bxg4 34. Rxg4 Rg3 0-1

[Event "EU-ch rapid"]
[Site "Wroclaw"]
[Date "2014.12.20"]
[Round "5"]
[White "Klykow, Lukasz"]
[Black "Mkrtchian, Lilit"]
[Result "0-1"]
[WhiteElo "2150"]
[BlackElo "2450"]
[PlyCount "120"]
[EventDate "2014.12.20"]
[EventType "swiss (rapid)"]
[EventRounds "11"]
[EventCountry "POL"]
[SourceTitle "CBM 164 Extra"]
[Source "ChessBase"]
[SourceDate "2015.03.02"]
[SourceVersion "1"]
[SourceVersionDate "2015.03.02"]
[SourceQuality "1"]

1. e4 e6 2. d4 d5 3. exd5 Qxd5 4. c4 Qd8 5. Nc3 Nf6 6. Nf3 b6 7. Bd3 Bb7 8. Bg5 Be7 9. 0-0 Nbd7 10. Re1 0-0 11. Ne5 c5 12. Nxd7 Qxd7 13. d5 Rad8 14. Qc2 h6 15. Bxf6 Bxf6 16. Rad1 exd5 17. cxd5 Rfe8 18. Rxe8+ Qxe8 19. Bc4 Bxc3 20. Qxc3 b5 21. Bf1 Rxd5 22. Rxd5 Bxd5 23. Qxc5 Bxa2 24. Qxb5 Qxb5 25. Bxb5 Kf8 26. Kf1 Ke7 27. Ke2 Kd6 28. b4 Kd5 29. Ke3 g5 30. g3 f6 31. f4 Bb1 32. Kf3 Kd4 33. Kg4 Bg6 34. fxg5 fxg5 35. Bd7 Kc3 36. b5 Kd4 37. h4 gxh4 38. gxh4 Kc5 39. Kf4 Bd3 40. Kg4 Bxb5 41. Bf5 Be2+ 42. Kf4 a5 43. Ke3 Bc4 44. Kd2 Kb4 45. Kc2 a4 46. Kb2 a3+ 47. Ka1 Kc3 48. h5 Kd4 49. Bg6 Ke5 50. Kb1 Kf6 51. Ka1 Be6 52. Be8 Kg5 53. Kb1 Bg4 54. Ka2 Bxh5 55. Bc6 Bg4 56. Kxa3 h5 57. Kb2 h4 58. Kc1 Kf4 59. Kd2 h3 60. Ke1 Bf3 0-1

[Event "EU-ch rapid"]
[Site "Wroclaw"]
[Date "2014.12.20"]
[Round "4"]
[White "Piorun, Kacper"]
[Black "Klykow, Lukasz"]
[Result "1-0"]
[WhiteElo "2517"]
[BlackElo "2150"]
[PlyCount "105"]
[EventDate "2014.12.20"]
[EventType "swiss (rapid)"]
[EventRounds "11"]
[EventCountry "POL"]
[SourceTitle "CBM 164 Extra"]
[Source "ChessBase"]
[SourceDate "2015.03.02"]
[SourceVersion "1"]
[SourceVersionDate "2015.03.02"]
[SourceQuality "1"]

1. e4 e5 2. Nf3 Nc6 3. Bb5 f5 4. d3 fxe4 5. dxe4 Nf6 6. Qd3 Bc5 7. c3 d6 8. Be3 Bb6 9. Nbd2 0-0 10. h3 Kh8 11. 0-0-0 Be6 12. Bc4 Qe7 13. Kb1 Bxe3 14. fxe3 d5 15. exd5 e4 16. Qc2 Nxd5 17. Bxd5 Bxd5 18. Nd4 Ne5 19. c4 Bg8 20. Qxe4 Rae8 21. Rhf1 Rxf1 22. Rxf1 Nxc4 23. Qxe7 Nxd2+ 24. Kc2 Rxe7 25. Kxd2 g6 26. a3 Bd5 27. g3 Bg2 28. Rf8+ Kg7 29. Ra8 c5 30. Ne2 b6 31. Rb8 Bxh3 32. Nc3 Bf5 33. Ke2 h5 34. Kf3 g5 35. e4 Bg6 36. a4 h4 37. gxh4 gxh4 38. Rd8 h3 39. Rd2 a6 40. Rh2 b5 41. axb5 axb5 42. Rxh3 b4 43. Na4 Bxe4+ 44. Kf4 c4 45. Re3 Rf7+ 46. Kxe4 Re7+ 47. Kd4 Ra7 48. Nb6 c3 49. b3 Ra1 50. Re2 Rb1 51. Kc4 Rb2 52. Re1 c2 53. Rc1 1-0

[Event "POL-chT3 Dolnoslaskie 1314"]
[Site "Poland"]
[Date "2014.02.02"]
[Round "8.11"]
[White "Oszczanowski, Witold"]
[Black "Klykow, Lukasz"]
[Result "1-0"]
[WhiteElo "2002"]
[BlackElo "2219"]
[PlyCount "77"]
[EventDate "2013.10.20"]
[EventType "team-tourn"]
[EventRounds "11"]
[EventCountry "POL"]
[SourceTitle "EXT 2018"]
[Source "ChessBase"]
[SourceDate "2017.10.13"]
[SourceVersion "1"]
[SourceVersionDate "2017.10.13"]
[SourceQuality "1"]
[WhiteTeam "Wroclaw MUKS MDK Srodmiescie"]
[BlackTeam "Olawa MGLKS Parnas"]
[WhiteTeamCountry "POL"]
[BlackTeamCountry "POL"]

1. e4 c6 2. d4 d5 3. Nc3 dxe4 4. Nxe4 Bf5 5. Ng3 Bg6 6. h4 h6 7. Nf3 Nd7 8. h5 Bh7 9. Bd3 Bxd3 10. Qxd3 e6 11. Bf4 Qa5+ 12. Bd2 Bb4 13. c3 Be7 14. c4 Qc7 15. 0-0-0 Ngf6 16. Ne4 Rd8 17. Kb1 c5 18. Nxf6+ Nxf6 19. Be3 0-0 20. Qe2 Qb6 21. dxc5 Bxc5 22. Bxc5 Qxc5 23. Ne5 b5 24. cxb5 Rb8 25. a4 a6 26. Rc1 Qd5 27. Nc6 Rbe8 28. b6 Qxg2 29. b7 Qe4+ 30. Qxe4 Nxe4 31. Rh4 Nf6 32. Rb4 Nd7 33. Rd1 Nb8 34. Nxb8 Rxb8 35. Rd6 a5 36. Rb5 Rfe8 37. b4 Re7 38. Rdb6 axb4 39. a5 1-0

[Event "POL-chT3 Dolnoslaskie 1314"]
[Site "Poland"]
[Date "2014.01.19"]
[Round "7.21"]
[White "Klykow, Lukasz"]
[Black "Lipien, Wieslaw"]
[Result "1-0"]
[WhiteElo "2219"]
[BlackElo "2066"]
[PlyCount "53"]
[EventDate "2013.10.20"]
[EventType "team-tourn"]
[EventRounds "11"]
[EventCountry "POL"]
[SourceTitle "EXT 2018"]
[Source "ChessBase"]
[SourceDate "2017.10.13"]
[SourceVersion "1"]
[SourceVersionDate "2017.10.13"]
[SourceQuality "1"]
[WhiteTeam "Olawa MGLKS Parnas"]
[BlackTeam "Przedwojow Debiut"]
[WhiteTeamCountry "POL"]
[BlackTeamCountry "POL"]

1. e4 c5 2. Nf3 d6 3. d4 cxd4 4. Nxd4 Nf6 5. Nc3 a6 6. Bc4 e6 7. Bb3 Qc7 8. f4 Nc6 9. f5 Nxd4 10. Qxd4 b5 11. Bg5 Be7 12. fxe6 fxe6 13. 0-0-0 Qc5 14. Bxf6 gxf6 15. Qd3 Bd7 16. e5 Qxe5 17. Qf3 Rc8 18. Rhe1 Rxc3 19. bxc3 Qg5+ 20. Kb1 d5 21. Bxd5 exd5 22. Rxd5 Qg7 23. Rd2 Bg4 24. Qa8+ Kf7 25. Rxe7+ Kxe7 26. Qb7+ Kf8 27. Rd8# 1-0

[Event "POL-chT3 Dolnoslaskie 1314"]
[Site "Poland"]
[Date "2014.01.05"]
[Round "6.6"]
[White "Balinski, Damian"]
[Black "Klykow, Lukasz"]
[Result "1-0"]
[WhiteElo "2119"]
[BlackElo "2219"]
[PlyCount "73"]
[EventDate "2013.10.20"]
[EventType "team-tourn"]
[EventRounds "11"]
[EventCountry "POL"]
[SourceTitle "EXT 2018"]
[Source "ChessBase"]
[SourceDate "2017.10.13"]
[SourceVersion "1"]
[SourceVersionDate "2017.10.13"]
[SourceQuality "1"]
[WhiteTeam "Olesnica Pogon"]
[BlackTeam "Olawa MGLKS Parnas"]
[WhiteTeamCountry "POL"]
[BlackTeamCountry "POL"]

1. c4 e6 2. Nc3 d5 3. e3 Nf6 4. Nf3 c5 5. d4 a6 6. cxd5 exd5 7. dxc5 Bxc5 8. Bd3 0-0 9. 0-0 Bg4 10. b3 Nc6 11. Na4 Ba7 12. Bb2 Re8 13. Rc1 Rc8 14. h3 Bh5 15. Bf5 Rc7 16. Bxf6 Qxf6 17. Qxd5 g6 18. Bg4 Rd8 19. Qg5 Qxg5 20. Nxg5 Bxg4 21. hxg4 Rd2 22. Ne4 Rxa2 23. Nac3 Rb2 24. Nd5 Rc8 25. Ndf6+ Kg7 26. Rfd1 Rxb3 27. Rd7 Rxe3 28. Rxb7 Re2 29. g5 Bd4 30. Nd6 Rf8 31. Rxc6 Rxf2 32. Rc4 Rxf6+ 33. Rxd4 Re6 34. Rd7 Re5 35. Rf4 Rxg5 36. Nxf7 Ra5 37. Nh6+ 1-0

[Event "POL-chT3 Dolnoslaskie 1314"]
[Site "Poland"]
[Date "2013.11.03"]
[Round "2.6"]
[White "Klykow, Lukasz"]
[Black "Kolasinski, Krzysztof"]
[Result "1-0"]
[WhiteElo "2219"]
[BlackElo "1978"]
[PlyCount "69"]
[EventDate "2013.10.20"]
[EventType "team-tourn"]
[EventRounds "11"]
[EventCountry "POL"]
[SourceTitle "EXT 2018"]
[Source "ChessBase"]
[SourceDate "2017.10.13"]
[SourceVersion "1"]
[SourceVersionDate "2017.10.13"]
[SourceQuality "1"]
[WhiteTeam "Olawa MGLKS Parnas"]
[BlackTeam "Gant Hetman"]
[WhiteTeamCountry "POL"]
[BlackTeamCountry "POL"]

1. e4 d6 2. d4 g6 3. Nc3 Bg7 4. f4 c5 5. dxc5 Bxc3+ 6. bxc3 dxc5 7. Bd3 Nc6 8. Nf3 Bg4 9. Be3 Qa5 10. Rb1 0-0-0 11. Rb5 Bxf3 12. Qxf3 Qxc3+ 13. Kf2 Nd4 14. Bxd4 Qxd4+ 15. Kg3 Nf6 16. e5 Nh5+ 17. Kg4 f5+ 18. Bxf5+ gxf5+ 19. Kxh5 b6 20. Qc6+ Kb8 21. Rhb1 c4 22. Rxb6+ axb6 23. Rxb6+ Qxb6 24. Qxb6+ Ka8 25. Qa6+ Kb8 26. Qb6+ Ka8 27. Qa6+ Kb8 28. Qxc4 Rhg8 29. Qb4+ Kc8 30. Qxe7 Rg6 31. e6 Rxg2 32. Qc5+ Kb7 33. Qb5+ Kc7 34. Qa5+ Kc8 35. Qa8+ 1-0

[Event "POL-chT3 Dolnoslaskie 1314"]
[Site "Poland"]
[Date "2013.10.20"]
[Round "1.21"]
[White "Kowalczyk, Pawel"]
[Black "Klykow, Lukasz"]
[Result "1/2-1/2"]
[WhiteElo "2183"]
[BlackElo "2219"]
[PlyCount "71"]
[EventDate "2013.10.20"]
[EventType "team-tourn"]
[EventRounds "11"]
[EventCountry "POL"]
[SourceTitle "EXT 2018"]
[Source "ChessBase"]
[SourceDate "2017.10.13"]
[SourceVersion "1"]
[SourceVersionDate "2017.10.13"]
[SourceQuality "1"]
[WhiteTeam "Walbrzych WOK"]
[BlackTeam "Olawa MGLKS Parnas"]
[WhiteTeamCountry "POL"]
[BlackTeamCountry "POL"]

1. e4 c6 2. Nc3 d5 3. Nf3 Bg4 4. h3 Bh5 5. g4 Bg6 6. exd5 cxd5 7. Ne5 Nc6 8. Nxg6 hxg6 9. Bg2 e6 10. d4 Bb4 11. 0-0 Bxc3 12. bxc3 Na5 13. Qe2 Qd7 14. f4 f5 15. Rb1 Nf6 16. Rb5 Nc4 17. Bxd5 Nxd5 18. Qxc4 Rxh3 19. Re1 Kf7 20. gxf5 gxf5 21. Re5 Rc8 22. Rc5 Rxc5 23. Qxc5 b6 24. Qc4 Rxc3 25. Qe2 Rg3+ 26. Kf1 Rg4 27. Qc4 Qd8 28. Qc6 Qe7 29. c4 Nb4 30. Qc8 Nd3 31. Ba3 Rxf4+ 32. Ke2 Rf2+ 33. Kd1 Nb2+ 34. Ke1 Nd3+ 35. Kd1 Nb2+ 36. Ke1 1/2-1/2

[Event "Wroclaw Anderssen Memorial op 22nd"]
[Site "Wroclaw"]
[Date "2013.06.29"]
[Round "7"]
[White "Cyfka, Karina"]
[Black "Klykow, Lukasz"]
[Result "1-0"]
[WhiteElo "2375"]
[BlackElo "2219"]
[PlyCount "49"]
[EventDate "2013.06.29"]
[EventType "swiss (rapid)"]
[EventRounds "9"]
[EventCountry "POL"]
[SourceTitle "CBM 155 Extra"]
[Source "ChessBase"]
[SourceDate "2013.08.26"]
[SourceVersion "1"]
[SourceVersionDate "2013.08.26"]
[SourceQuality "1"]

1. e4 e6 2. d3 d5 3. Nd2 Nf6 4. Ngf3 Nc6 5. e5 Nd7 6. d4 f6 7. Bb5 fxe5 8. dxe5 g6 9. Nb3 Qe7 10. 0-0 Bg7 11. Bxc6 bxc6 12. Nbd4 Bb7 13. Ng5 Bxe5 14. Re1 0-0-0 15. Ndf3 h6 16. Nxe5 Nxe5 17. Rxe5 hxg5 18. Bxg5 Qh7 19. h3 Rde8 20. Qd4 Kb8 21. Rae1 Qd7 22. R1e3 Rhf8 23. Rb3 Rf5 24. Rxf5 exf5 25. Be3 1-0

[Event "Wroclaw Anderssen Memorial op 22nd"]
[Site "Wroclaw"]
[Date "2013.06.29"]
[Round "8"]
[White "Klykow, Lukasz"]
[Black "Czachor, Radoslaw"]
[Result "1-0"]
[WhiteElo "2219"]
[BlackElo "1989"]
[PlyCount "65"]
[EventDate "2013.06.29"]
[EventType "swiss (rapid)"]
[EventRounds "9"]
[EventCountry "POL"]
[SourceTitle "CBM 155 Extra"]
[Source "ChessBase"]
[SourceDate "2013.08.26"]
[SourceVersion "1"]
[SourceVersionDate "2013.08.26"]
[SourceQuality "1"]

1. e4 e5 2. Nf3 Nc6 3. Bc4 Nf6 4. d4 exd4 5. e5 d5 6. Bb5 Ne4 7. Nxd4 Bd7 8. Bxc6 bxc6 9. 0-0 Bc5 10. f3 Ng5 11. f4 Ne6 12. c3 g6 13. Kh1 Qh4 14. Nd2 Rb8 15. N2f3 Qg4 16. h3 Qg3 17. Ne2 Qf2 18. Rxf2 Bxf2 19. Ned4 Nc5 20. Nd2 0-0 21. b4 Ne6 22. N2b3 f6 23. Nxe6 Bxe6 24. Qe2 Bh4 25. Nd4 Bd7 26. e6 Rbe8 27. Qg4 Bf2 28. exd7 Re1+ 29. Kh2 Kf7 30. Bb2 Bg1+ 31. Kh1 h5 32. Rxe1 hxg4 33. Ne6 1-0

[Event "LSS BI-2010-P-00020"]
[Site "LSS email"]
[Date "2010.04.19"]
[Round "?"]
[White "Klykow, Lukasz"]
[Black "Jacobi, Peter"]
[Result "1-0"]
[WhiteElo "1896"]
[BlackElo "998"]
[PlyCount "53"]
[EventDate "2010.04.22"]
[EventType "tourn (corr)"]
[EventRounds "10"]
[EventCountry "GER"]
[SourceTitle "Telechess CBM 141"]
[Source "ChessBase"]
[SourceDate "2011.03.17"]
[SourceVersion "1"]
[SourceVersionDate "2011.03.17"]
[SourceQuality "1"]

1. e4 g6 2. d4 Bg7 3. Nc3 d6 4. f4 Nc6 5. Be3 Nf6 6. h3 0-0 7. g4 b6 8. e5 Nd7 9. Nf3 dxe5 10. dxe5 Bb7 11. Bg2 e6 12. Nd4 Nxd4 13. Bxb7 Rb8 14. Bg2 c5 15. Bxd4 cxd4 16. Qxd4 a5 17. 0-0-0 Nc5 18. g5 Qxd4 19. Rxd4 b5 20. b4 axb4 21. Rxb4 Rfc8 22. Kd2 Bf8 23. Rxb5 Rxb5 24. Nxb5 Rd8+ 25. Ke2 Rb8 26. c4 Rb6 27. Rd1 1-0

[Event "LSS BI-2010-P-00020"]
[Site "LSS email"]
[Date "2010.04.19"]
[Round "?"]
[White "Klykow, Lukasz"]
[Black "Laine, Jari"]
[Result "1-0"]
[WhiteElo "1884"]
[BlackElo "1610"]
[PlyCount "89"]
[EventDate "2010.04.22"]
[EventType "tourn (corr)"]
[EventRounds "10"]
[EventCountry "GER"]
[SourceTitle "Telechess CBM 141"]
[Source "ChessBase"]
[SourceDate "2011.03.17"]
[SourceVersion "1"]
[SourceVersionDate "2011.03.17"]
[SourceQuality "1"]

1. e4 c6 2. d4 d5 3. Nc3 dxe4 4. Nxe4 Nd7 5. Ng5 Ngf6 6. Bd3 e6 7. N1f3 Bd6 8. Qe2 h6 9. Ne4 Nxe4 10. Qxe4 Nf6 11. Qh4 Ke7 12. Ne5 Bxe5 13. dxe5 Qa5+ 14. c3 Qxe5+ 15. Be3 b6 16. 0-0-0 g5 17. Qh3 c5 18. Rhe1 Bb7 19. Bc4 Ne4 20. f3 Nf2 21. Bxf2 Qf4+ 22. Kc2 Qxc4 23. b3 Qa6 24. Kb2 Bc6 25. Qh5 Rag8 26. c4 Qc8 27. Bg3 Rd8 28. Be5 Rh7 29. f4 Rxd1 30. Rxd1 Qg8 31. f5 f6 32. Rd6 Bd7 33. Qd1 Qc8 34. fxe6 Bxe6 35. Bc3 f5 36. Rd2 Qc7 37. Re2 Kf7 38. g4 Qf4 39. Qh1 Qd6 40. h4 h5 41. hxg5 h4 42. Qa8 Qd7 43. Qb8 fxg4 44. Rf2+ Bf5 45. Qe5 1-0

[Event "LSS BI-2010-P-00020"]
[Site "LSS email"]
[Date "2010.04.19"]
[Round "?"]
[White "Klykow, Lukasz"]
[Black "Teverovski, Bogoljub"]
[Result "1/2-1/2"]
[WhiteElo "1870"]
[BlackElo "1508"]
[PlyCount "112"]
[EventDate "2010.04.22"]
[EventType "tourn (corr)"]
[EventRounds "10"]
[EventCountry "GER"]
[SourceTitle "Telechess CBM 141"]
[Source "ChessBase"]
[SourceDate "2011.03.17"]
[SourceVersion "1"]
[SourceVersionDate "2011.03.17"]
[SourceQuality "1"]

1. e4 c5 2. Nf3 Nc6 3. d4 cxd4 4. Nxd4 e5 5. Nb5 d6 6. c4 Be7 7. N1c3 a6 8. Na3 Be6 9. Nc2 Rc8 10. b3 Nf6 11. Bb2 0-0 12. Bd3 Nd7 13. 0-0 Nc5 14. Be2 a5 15. Ne3 Nd4 16. Ned5 Re8 17. f4 Nxe2+ 18. Qxe2 exf4 19. Rxf4 a4 20. Qc2 Bg5 21. Rf3 Bxd5 22. Nxd5 Nxe4 23. Qd3 f6 24. Rh3 h6 25. Bd4 Nc5 26. Qf3 Re6 27. Rf1 axb3 28. axb3 Qe8 29. Qg4 Re4 30. Qf5 Qd7 31. Qf2 Qe6 32. Rd1 Re8 33. Rf3 Re1+ 34. Rxe1 Qxe1+ 35. Qxe1 Rxe1+ 36. Kf2 Rb1 37. b4 Nb3 38. Bc3 Nd2 39. Bxd2 Bxd2 40. b5 Bb4 41. Nxb4 Rxb4 42. Rd3 Rxc4 43. Rxd6 Rc7 44. Ke3 Kf7 45. Rb6 Rd7 46. Kf4 Ke7 47. Kf5 Kd8 48. Kg6 Re7 49. Rd6+ Kc7 50. Rd3 Kb6 51. Rb3 Re2 52. g3 Rxh2 53. Kxg7 Rh5 54. Kxf6 Rg5 55. Kf7 h5 56. Kf6 Rxb5 1/2-1/2

[Event "LSS SB-2009-0-00071"]
[Site "LSS email"]
[Date "2009.12.02"]
[Round "?"]
[White "Gonzalez, Gervasio"]
[Black "Klykow, Lukasz"]
[Result "1-0"]
[WhiteElo "1791"]
[BlackElo "1839"]
[PlyCount "81"]
[EventDate "2009.10.27"]
[EventType "tourn (corr)"]
[EventRounds "6"]
[EventCountry "GER"]
[SourceTitle "Corr 2013"]
[Source "ChessBase"]
[SourceDate "2012.11.12"]
[SourceVersion "1"]
[SourceVersionDate "2012.11.12"]
[SourceQuality "1"]
[WhiteTeam "US of America"]
[BlackTeam "US of America"]
[WhiteTeamCountry "USA"]
[BlackTeamCountry "USA"]

1. e4 e5 2. Nf3 Nc6 3. Bb5 a6 4. Ba4 Nf6 5. 0-0 Be7 6. Re1 b5 7. Bb3 0-0 8. c3 d5 9. exd5 Nxd5 10. Nxe5 Nxe5 11. Rxe5 c6 12. d4 Bd6 13. Re1 Qh4 14. g3 Qh3 15. Re4 g5 16. Qf1 Qh5 17. f3 Bf5 18. Nd2 Rae8 19. Qf2 g4 20. a4 Bxe4 21. fxe4 Nc7 22. e5 Bxe5 23. dxe5 Rxe5 24. Nf1 Rfe8 25. axb5 Re2 26. Qf4 Ne6 27. Bxe6 fxe6 28. Ra4 axb5 29. Qxg4+ Qxg4 30. Rxg4+ Kh8 31. c4 e5 32. cxb5 cxb5 33. Bh6 Rg8 34. Rb4 Rb8 35. Bd2 Rd8 36. Bc3 Rd5 37. Rf4 Kg7 38. Rf2 Re4 39. Kg2 Rc5 40. Rf4 Ra4 41. Rf5 1-0